[Event "Chigorin Memorial 24th"]
[Site "St Petersburg"]
[Date "2016.10.16"]
[Round "2"]
[White "Yashmetov, Mikhail"]
[Black "Yun, Vyacheslav"]
[Result "1-0"]
[WhiteElo "2359"]
[BlackElo "1766"]
[PlyCount "77"]
[EventDate "2016.10.15"]
[EventType "swiss"]
[EventRounds "9"]
[EventCountry "RUS"]
[SourceTitle "CBM 175 Extra"]
[Source "ChessBase"]
[SourceDate "2016.12.12"]
[SourceVersion "1"]
[SourceVersionDate "2016.12.12"]
[SourceQuality "1"]

1. Nf3 d5 2. c4 e6 3. g3 c5 4. Bg2 Nc6 5. 0-0 Nf6 6. cxd5 exd5 7. d4 Be7 8. Nc3 0-0 9. Bg5 c4 10. Ne5 Be6 11. e3 h6 12. Bxf6 Bxf6 13. f4 Bxe5 14. fxe5 Qg5 15. Qd2 Rad8 16. Rf4 f5 17. Nb5 Rd7 18. Raf1 Ne7 19. Kh1 a6 20. Nc3 Ng6 21. R4f2 b5 22. Ne2 Qd8 23. Bf3 Qb6 24. h4 b4 25. h5 Ne7 26. Nf4 a5 27. Rg1 Rc7 28. g4 fxg4 29. Nxe6 Qxe6 30. Bxg4 Nf5 31. Qc2 Rcf7 32. Rf4 Kh8 33. Qf2 g5 34. hxg6 Qxg6 35. Bxf5 Qh5+ 36. Rh4 Rxf5 37. Qg3 Rg5 38. Qxg5 Qf3+ 39. Qg2 1-0

[Event "Chigorin Memorial 24th"]
[Site "St Petersburg"]
[Date "2016.10.15"]
[Round "1"]
[White "Yun, Vyacheslav"]
[Black "Dimitrova, Aleksandra"]
[Result "1/2-1/2"]
[WhiteElo "1766"]
[BlackElo "2269"]
[PlyCount "70"]
[EventDate "2016.10.15"]
[EventType "swiss"]
[EventRounds "9"]
[EventCountry "RUS"]
[SourceTitle "CBM 175 Extra"]
[Source "ChessBase"]
[SourceDate "2016.12.12"]
[SourceVersion "1"]
[SourceVersionDate "2016.12.12"]
[SourceQuality "1"]

1. e4 c5 2. Nf3 e6 3. d4 cxd4 4. Nxd4 a6 5. c4 Bb4+ 6. Bd2 Bc5 7. Nb3 Ba7 8. Nc3 Nc6 9. Be2 Nf6 10. 0-0 Qc7 11. Rc1 0-0 12. Kh1 d6 13. Bg5 Ne8 14. f4 Ne7 15. Qe1 f5 16. Bd3 fxe4 17. Bxe4 Nf6 18. Bd3 Bd7 19. Bxf6 Rxf6 20. Ne4 Rh6 21. Ng5 Rf8 22. Nxh7 Rxh7 23. Bxh7+ Kxh7 24. Qh4+ Kg8 25. Qxe7 Be3 26. Rcd1 Bxf4 27. c5 d5 28. Nd4 Rf7 29. Qh4 e5 30. Ne2 Bb5 31. Rf2 g5 32. Qh5 Qxc5 33. Nxf4 Qxf2 34. Qg6+ Kf8 35. Qd6+ Kg8 1/2-1/2